[Event "Wroclaw Anderssen Memorial op-B"]
[Site "Wroclaw"]
[Date "2023.??.??"]
[Round "6"]
[White "Werblinski, Wojciech"]
[Black "Gorecka, Dominika"]
[Result "1-0"]
[WhiteElo "1304"]
[BlackElo "1199"]
[PlyCount "61"]
[EventDate "2023.08.06"]
[EventType "swiss"]
[EventRounds "9"]
[EventCountry "POL"]
[SourceTitle "EXT 2024"]
[Source "ChessBase"]
[SourceDate "2023.10.10"]
[SourceVersion "1"]
[SourceVersionDate "2023.10.10"]
[SourceQuality "1"]

1. e4 e6 2. d4 d5 3. Nd2 dxe4 4. Nxe4 Nd7 5. Nf3 Ngf6 6. Nxf6+ Nxf6 7. Bd3 Bd6 8. Bg5 0-0 9. 0-0 Re8 10. c3 e5 11. dxe5 h6 12. Bxf6 gxf6 13. exd6 Bg4 14. Bc2 cxd6 15. Qd3 f5 16. h3 Bh5 17. Qxf5 Bg6 18. Qg4 Re6 19. Rfe1 Rf6 20. Bxg6 Rxg6 21. Qh4 Qb6 22. Qb4 Qc6 23. Re4 a5 24. Qa4 b5 25. Qd4 Rc8 26. Rg4 b4 27. Rxg6+ fxg6 28. Rd1 bxc3 29. bxc3 Rd8 30. Qd5+ Qxd5 31. Rxd5 1-0